LIBRARY ONLINE CATALOGUE

Business economics. (Record no. 5353)

MARC details
000 -LEADER
fixed length control field 00594nam a22002172 4500
001 - CONTROL NUMBER
control field 0000001638
005 - DATE AND TIME OF LATEST TRANSACTION
control field 20151217151823.0
008 - FIXED-LENGTH DATA ELEMENTS--GENERAL INFORMATION
fixed length control field 070320s xx 000 0 eng d
020 ## - INTERNATIONAL STANDARD BOOK NUMBER
International Standard Book Number 1861523998 :
Terms of availability KES 6,198
040 ## - CATALOGING SOURCE
Original cataloging agency KABU
Transcribing agency KABU
050 #0 - LIBRARY OF CONGRESS CALL NUMBER
Classification number HD30.22
Item number .M67 2002
100 1# - MAIN ENTRY--PERSONAL NAME
Personal name Moschandreas, Maria.
-- 0000150551
245 10 - TITLE STATEMENT
Title Business economics.
250 ## - EDITION STATEMENT
Edition statement 2nd ed.
260 ## - PUBLICATION, DISTRIBUTION, ETC. (IMPRINT)
Place of publication, distribution, etc. London :
Name of publisher, distributor, etc. Thomson,
Date of publication, distribution, etc. 2000.
300 ## - PHYSICAL DESCRIPTION
Extent xv, 402 p.
650 #0 - SUBJECT ADDED ENTRY--TOPICAL TERM
Topical term or geographic name as entry element Managerial economics.
-- 0000150546
908 ## - PUT COMMAND PARAMETER (RLIN)
Put command parameter 070320
950 ## - LOCAL HOLDINGS (RLIN)
-- 1
Holdings
Withdrawn status Lost status Source of classification or shelving scheme Not for loan Home library Current library Date acquired Total Checkouts Full call number Barcode Date last seen Price effective from Koha item type
    Library of Congress Classification   Kabarak, Main Campus Kabarak, Main Campus 17/12/2015   HD30.22 .M67 2000 002511 02/08/2024 17/12/2015 General Collection